Hantbukh far kolvirtnikes (Запись № 11620492)

Подробности
000 -МАРКЕР
контрольное поле 01417nam0a22003251 4500
001 - ИДЕНТИФИКАТОР ЗАПИСИ
контрольное поле RU\NLR\Evr\7948
005 - ИДЕНТИФИКАТОР ВЕРСИИ
контрольное поле 20251202160538.0
035 ## - ДРУГИЕ СИСТЕМНЫЕ НОМЕРА
Идентификатор записи (NLR Aleph) 011424322
100 ## - ДАННЫЕ ОБЩЕЙ ОБРАБОТКИ
Данные общей обработки 20141229d1930 u y0rusy50 ca
101 0# - ЯЗЫК РЕСУРСА
Язык текста, звукозаписи и т.д. идиш
102 ## - СТРАНА ПУБЛИКАЦИИ ИЛИ ПРОИЗВОДСТВА
Страна публикации Российская Федерация
105 ## - ПОЛЕ КОДИРОВАННЫХ ДАННЫХ: ТЕКСТОВЫЕ МАТЕРИАЛЫ, МОНОГРАФИЧЕСКИЕ
Кодированные данные о монографическом текстовом документе y |||||||||
200 1# - ЗАГЛАВИЕ И СВЕДЕНИЯ ОБ ОТВЕТСТВЕННОСТИ
Связь между полями a01
Графика поля Латинская
Основное заглавие Hantbukh far kolvirtnikes
Сведения, относящиеся к заглавию In fragn un entfern
Первые сведения об ответственности S. Suser un A. Shuser
210 ## - ПУБЛИКАЦИЯ, РАСПРОСТРАНЕНИЕ И ДР.
Связь между полями a01
Место издания, распространения и т.д. Moskve; Kharkov; Minsk
Имя издателя, распространителя и т. д. Tsentraler felker-farlag fun FSSR
Дата издания, распространения и т.д. 1930
Графика поля Латинская
210 ## - ПУБЛИКАЦИЯ, РАСПРОСТРАНЕНИЕ И ДР.
Связь между полями a01
-- z02
Место издания, распространения и т.д. מאָסקווע; כארקאָוו; מינסק
Имя издателя, распространителя и т. д. צענטראלער פעלקער-פארלאג פון פססר
Дата издания, распространения и т.д. 1930
210 ## - ПУБЛИКАЦИЯ, РАСПРОСТРАНЕНИЕ И ДР.
-- z02
Место издания, распространения и т.д. Москва; Харьков; Минск
Имя издателя, распространителя и т. д. Центральное издательство народов СССР
Дата издания, распространения и т.д. 1930
Графика поля Кириллица
215 ## - ФИЗИЧЕСКАЯ ХАРАКТЕРИСТИКА
Специфическое обозначение материала и объем 85 с.
Размеры 17 см.
510 1# - ПАРАЛЛЕЛЬНОЕ ЗАГЛАВИЕ
Связь между полями a01
Параллельное заглавие האנטבוך פאר קאָלווירטניקעס
Сведения, относящиеся к заглавию אין פראגן און ענטפערן
-- ס. סוסער און א. שוסער
541 1# - ПЕРЕВОД ЗАГЛАВИЯ, СДЕЛАННЫЙ КАТАЛОГИЗАТОРОМ
Заглавие Справочник колхозника
Сведения, относящиеся к заглавию В вопросах и ответах
Язык заглавия русский
700 #1 - ИМЯ ЛИЦА - ПЕРВИЧНАЯ ОТВЕТСТВЕННОСТЬ
Связь между полями a01
Начальный элемент ввода Суссер
Часть имени, кроме начального элемента ввода С.
Идентификатор авторитетной/нормативной записи RU\NLR\AUTH\7957884
Код отношения Автор
Графика поля Кириллица
701 #1 - ИМЯ ЛИЦА - АЛЬТЕРНАТИВНАЯ ОТВЕТСТВЕННОСТЬ
Связь между полями a01
Начальный элемент ввода Шусер
Часть имени, кроме начального элемента ввода А.
Идентификатор авторитетной/нормативной записи RU\NLR\AUTH\7957887
Код отношения Автор
Графика поля Кириллица
801 #0 - ИСТОЧНИК ЗАПИСИ
Страна Российская Федерация
Организация NLR
Дата составления 20141229
Правила каталогизации psbo
801 #0 - ИСТОЧНИК ЗАПИСИ
Страна Российская Федерация
Организация NLR
Правила каталогизации PSBO
801 #1 - ИСТОЧНИК ЗАПИСИ
Страна Российская Федерация
Организация NLR
Дата составления 20141229
Источник данных rusmarc
852 ## - МЕСТОНАХОЖДЕНИЕ И ШИФР ХРАНЕНИЯ
Идентификатор организации NLR
Наименование фонда или коллекции (Sub-Location Identifier) ОЛСАА/идиш
Шифр хранения (Call Number) И-520
942 ## - ДОПОЛНИТЕЛЬНЫЕ ЭЛЕМЕНТЫ ЗАПИСИ (АБИС)
Тип экземпляра АБИС Книга
980 ## - КОЛЛЕКЦИЯ
Название коллекции Национальная библиография
980 1# - КОЛЛЕКЦИЯ
Название коллекции

Нет доступных экземпляров.